| 000 | 00000nas 2200000za 4500 |
| 001 | 9.502663 |
| 003 | CaOODSP |
| 005 | 20240209132609 |
| 007 | cr ||||||||||| |
| 008 | 150406d19982009xxc|| p o||||f| |0fre|d |
| 022 | |a1495-9747 |
| 040 | |aCaOODSP|bfre |
| 043 | |an-cn--- |
| 086 | 1 |aAC2-1F-PDF |
| 245 | 00|aPlan d'action axé sur les résultats ... : |bmise en oeuvre de l'article 41 de la Loi sur les langues officielles. |
| 246 | 1 |iTitre alternatif : |aPlan d'action : mise en oeuvre de l'article 41 de la Loi sur les langues officielles |
| 264 | 1|aMoncton, Nouveau-Brunswick : |bAgence de promotion économique du Canada atlantique |
| 310 | |aBiennal |
| 362 | 1 |aParaît depuis [1996/1998?]; ne paraît plus après 2006/2009. |
| 691 | 07|aLangue officielle|2gcpds |
| 691 | 07|aPolitique linguistique|2gcpds |
| 710 | 2 |aAgence de promotion économique du Canada atlantique, |eorganisme de publication. |
| 775 | 08|tResults-based action plan ... for the implementation of Section 41 of the Official Languages Act |w(CaOODSP)9.506268 |